000 01072nam a2200325 a 4500
001 vtls000196043
003 NLI
005 20210602113029.0
008 101125s1975 enka 001 0 eng
020 _a0413340201 :
_cPND 3.84
039 9 _y201011252322
_zVLOAD
040 0 _aNLI
_beng
_cDatasoft 1
_eAACR2
041 0 _aeng
044 _aenk
082 0 4 _a332.670942
245 0 4 _aThe new beginners, please
250 _a5th ed.
260 _aLondon :
_bInvestors Chronicle,
_c1975
300 _aviii, 408 p. :
_bill. ;
_c23 cm.
500 _aPrevious editions published under title: Beginners, please
504 _aIncludes bibliographical references and index
650 0 _aInvestments
_zGreat Britain
_9303563
710 2 _aInvestors Chronicle (London)
_4pbl
_9374434
887 _a
901 _a424712
_b26.02.1976
902 _aE 332.670942 N 42
942 _2ddc
_cBKS
949 _AVIRTUAITEM
_D10000
_X100
_6PUR000424712ENG
999 _aVIRTUA40
_c200060
_d200060
999 _aVTLSSORT0080*0200*0400*0410*0440*0820*2450*2500*2600*3000*5000*5040*6500*7100*9010*9020*9490*9991